| 000 | 00669nam a22001817a 4500 | ||
|---|---|---|---|
| 003 | UA-OsUOA | ||
| 001 | 19335 | ||
| 007 | ta | ||
| 008 | 20040810b un ||||| |||| 00| 0 ukr d | ||
| 100 | _aЯщук В. | ||
| 942 | _cSA | ||
| 040 |
_aUA-OsUOA _cUA-OsUOA _dUA-OsUOA |
||
| 245 |
_aМіністр народився у Радивилові _b[Про міністра закордон. справ Росії у 1882-1895 рр. М.Гірса , який народився поблизу Радивилова] |
||
| 300 | _aС.4 | ||
| 955 | _a0 | ||
| 773 | 0 |
_w0 _tВісті Рівненщини _dРівне _d2004 _g№71/4 серп./ |
|
| 650 | 7 |
_aВидатні діячі _2UDC |
|
| 999 |
_c305506 _d305506 |
||